| 000 | 00835nas a2200301 4500 | ||
|---|---|---|---|
| 001 | BR9207425 | ||
| 003 | BR-BrBNA | ||
| 005 | 20231205095027.0 | ||
| 007 | ta | ||
| 008 | 230509b bl.|||p| |||| 00| 00por d | ||
| 040 |
_aBR-BrBNA _bpor _cBiblioteca Nacional de Agricultura |
||
| 041 | _a(Pt) | ||
| 072 | _aQ02 | ||
| 100 | 1 | _aHsu, L.A. | |
| 100 | 1 | _aCiampi, C.M.S. | |
| 100 | 1 | _aDelazari, I. | |
| 100 | 1 | _aLazarine, V.B. | |
| 100 | 1 | _aGalvao, L.C.A. | |
| 100 | 1 | _aFigueiredo, I.B. | |
| 245 | 1 | _aAvaliacao de qualidade de salsichas | |
| 650 | _aTecnologia de Alimento | ||
| 650 | _aCarne Tratada | ||
| 650 | _aAnalise Quimica | ||
| 650 | _aSalsicha | ||
| 773 | 0 |
_tRevista Nacional da Carne (Brazil) _x _g(1991), (no. 173 suppl.) p. 44-50 _wBR9207425 |
|
| 909 |
_a202311 _bLúcia _c55 _dLúcia Elande |
||
| 942 |
_2AGRIS _n0 _cANA |
||
| 999 |
_c148335 _d148335 |
||